00366nam a2200097Ia 4500082002500000100006500025245008000090260002900170300000900199440006000208 aRR 016.30926309599 S aCentre on Integrated Rural Development for Asia & the Pacifi 0aSelect annotated bibliography on integrated rural development : Philippines aBangladeshbCIRDAPc1987 a76P. aCIRDAP Documentation. Regional Bibliography Series No.9